Guru ravidas: vani avam mahatv (Record no. 439008)

000 -LEADER
fixed length control field 00338cam a22001217a 4500
008 - FIXED-LENGTH DATA ELEMENTS--GENERAL INFORMATION
fixed length control field 180718b2003 xxu||||| |||| 00| 0 eng d
020 ## - INTERNATIONAL STANDARD BOOK NUMBER
International Standard Book Number 81 8143 059 x
082 ## - DEWEY DECIMAL CLASSIFICATION NUMBER
Classification number A99x54 R531
245 ## - TITLE STATEMENT
Title Guru ravidas: vani avam mahatv
Statement of responsibility, etc. edited by Meera Gautam
260 ## - PUBLICATION, DISTRIBUTION, ETC.
Place of publication, distribution, etc. New Delhi
Name of publisher, distributor, etc. Vani Prakashan
Date of publication, distribution, etc. 2003
300 ## - PHYSICAL DESCRIPTION
Extent 427p.
700 ## - ADDED ENTRY--PERSONAL NAME
Personal name Gautam, Meera
Holdings
Withdrawn status Lost status Damaged status Not for loan Permanent Location Current Location Date acquired Full call number Barcode Date last seen Price effective from Koha item type
        Indian Institute of Public Administration Indian Institute of Public Administration 2010-04-21 A99x54 R531 81807 2018-07-21 2018-07-21 Book

Powered by Koha